000 00450nam a2200169 a 4500
001 3809
005 20180713183721.0
008 140415s1990 000 0 spa d
041 _aspa
082 _a769.5
_bMUL
100 1 _aMULHERIN, JENNY
245 1 0 _aTECNICAS DE PRESENTACION PARA EL ARTISTA GRAFICO
260 _a[s.l.] :
_bGUSTAVO GILI,
_c1990
300 _a144
490 _aMANUALES DE DISEÑO
650 1 4 _aDISEO GRAFICO
999 _c3809
_d3809